| 000 | 00580nam a2200205Ia 4500 | ||
|---|---|---|---|
| 001 | a1341-32204 | ||
| 003 | IT-MiCISF | ||
| 008 | 161014s9999||||xx |||||||||||||| ||und|| | ||
| 040 |
_aIT-MiCISF _cIT-MiCISF |
||
| 041 | _ait | ||
| 100 | _aArgentieri Simona | ||
| 245 | 0 | _aIl padre materno: da San Giuseppe ai nuovi mammi | |
| 250 | _a1a ed. | ||
| 260 |
_a Roma _bMeltemi _c1999 |
||
| 300 | _app. 119 | ||
| 500 | _acon saggi di F. Cataldi Villari e A. Pazzagli / paternità, psicoanalisi, cultura / | ||
| 650 | _agenitorialità | ||
| 942 | _cBK | ||
| 957 | _71 | ||
| 999 |
_a32204 _bsi _g1 _c217901 _d217901 |
||